[Event "Solingen-ch 2022"]
[Site "Solingen"]
[Date "2022.10.14"]
[Round "4.16"]
[White "Pernizki, Max"]
[Black "Fetahovic, Sarah"]
[Result "1-0"]
[WhiteElo "1301"]
[BlackElo "1294"]
[PlyCount "117"]
[EventDate "2022.??.??"]
[WhiteTeam "SG Solingen e. V"]
[BlackTeam "SG Solingen e. V"]

1. d4 d5 2. c4 e6 3. Nc3 Nf6 4. e3 Nc6 5. Nf3 Bb4 6. a3 Bxc3+ 7. bxc3 O-O 8.
cxd5 exd5 9. Bd3 Bg4 10. O-O Ne4 11. Bb2 Na5 12. Qa4 Nc4 13. Bxc4 dxc4 14. Ne5
Be6 15. Rad1 f6 16. Nxc4 b5 17. Qxb5 Rb8 18. Qc6 Bd5 19. Qa6 Kh8 20. f3 Bxc4
21. Qxc4 Rxb2 22. fxe4 Re8 23. Rb1 Rxb1 24. Rxb1 Qe7 25. Qc6 Rc8 26. Rb7 Qxa3
27. Qxc7 Qc1+ 28. Kf2 Qd2+ 29. Kf3 Qd1+ 30. Kg3 Qe1+ 31. Kh3 Qxe3+ 32. Qg3 Qh6+
33. Kg4 Qg5+ 34. Kh3 Qh6+ 35. Qh4 Rxc3+ 36. g3 Qxh4+ 37. Kxh4 g5+ 38. Kg4 a5
39. d5 a4 40. d6 Rc8 41. d7 Rd8 42. Rc7 Kg7 43. Kf5 Kf7 44. Rc6 Rxd7 45. Rxf6+
Kg7 46. Ra6 h6 47. Rxa4 Rd2 48. Ra7+ Kf8 49. h4 gxh4 50. gxh4 Rf2+ 51. Ke5 Rh2
52. Kf6 Rf2+ 53. Kg6 Rf4 54. Ra8+ Ke7 55. Rh8 Rxh4 56. e5 Rg4+ 57. Kf5 Rg5+ 58.
Kf4 Ke6 59. Rxh6+ 1-0

[Event "Solingen-ch 2022"]
[Site "Solingen"]
[Date "2022.10.28"]
[Round "5.1"]
[White "Kniest, Oliver"]
[Black "Zolfagharian, Kevin"]
[Result "1/2-1/2"]
[WhiteElo "2273"]
[BlackElo "2229"]
[PlyCount "45"]
[EventDate "2022.??.??"]
[WhiteTeam "SG Solingen e. V"]
[BlackTeam "SG Solingen e. V"]

1. d4 Nf6
2. c4 e6 3. Nc3 d5 4. Nf3 c5 5. cxd5 cxd4 6. Qxd4 exd5 7. Bg5 Be7 8. e3 O-O 9.
Qa4 h6 10. Bh4 Nc6 11. Bb5 g5 12. Bg3 Qb6 13. O-O Be6 14. Ne2 Rac8 15. Ned4
Nxd4 16. Nxd4 Ne4 17. Be5 Bd6 18. Bxd6 Qxd6 19. Rfd1 Qb6 20. Qb3 Nc5 21. Qa3
Bg4 22. f3 Ne6 23. Ba4 1/2-1/2

[Event "Solingen-ch 2022"]
[Site "Solingen"]
[Date "2022.10.28"]
[Round "5.2"]
[White "Fichtner, Ewald"]
[Black "Waagener, Ulrich"]
[Result "1/2-1/2"]
[WhiteElo "2030"]
[BlackElo "2115"]
[PlyCount "135"]
[EventDate "2022.??.??"]
[WhiteTeam "SG Solingen e. V"]
[BlackTeam "SG Solingen e. V"]

1. d4 d5 2. Bf4 e6 3. e3 Bd6 4. Bg3 b6 5. Nf3 Nf6 6. Nbd2 O-O 7. Bd3 Ba6 8. c4
dxc4 9. Nxc4 Bb4+ 10. Kf1 Nbd7 11. Rc1 Bb7 12. Nce5 Nxe5 13. Nxe5 Bd6 14. Nc6
Qd7 15. Qc2 Bxc6 16. Qxc6 Qxc6 17. Rxc6 Rfd8 18. Ke2 Nd5 19. a3 Ne7 20. Rc2 f5
21. Rhc1 Kf7 22. Bh4 c5 23. dxc5 Bxc5 24. Bg3 a5 25. f3 Kf6 26. e4 Nc6 27. Rc3
Nd4+ 28. Kf1 a4 29. Re1 Nb3 30. exf5 exf5 31. Be5+ Kf7 32. Bc4+ Kg6 33. Bxb3
axb3 34. Ke2 Rd5 35. f4 Rad8 36. Rxb3 Rd2+ 37. Kf3 Rc2 38. Re2 Rc1 39. Bc7 Rd7
40. Be5 Kh5 41. Kg3 Rcd1 42. Rf3 g6 43. Bc3 Bg1 44. Be1 Bd4 45. Bb4 Bg1 46. Re7
h6 47. Rxd7 Rxd7 48. Be1 Rd5 49. Bf2 Bxf2+ 50. Kxf2 Rd2+ 51. Ke3 Rxb2 52. Rh3+
Kg4 53. Rg3+ Kh5 54. Kd4 g5 55. Ke5 Rb5+ 56. Kf6 gxf4 57. Rh3+ Kg4 58. Rxh6 f3
59. Rg6+ Kf4 60. gxf3 Kxf3 61. Rg5 Kf4 62. h4 Rc5 63. Rg8 Rc6+ 64. Kg7 Kg4 65.
Rf8 Rc3 66. h5 Kxh5 67. Rxf5+ Kg4 68. Rb5 1/2-1/2

[Event "Solingen-ch 2022"]
[Site "Solingen"]
[Date "2022.10.28"]
[Round "5.3"]
[White "Boschek, Dr. Hajo"]
[Black "Kushchan, Eduard"]
[Result "1/2-1/2"]
[WhiteElo "1920"]
[BlackElo "2015"]
[PlyCount "41"]
[EventDate "2022.??.??"]
[WhiteTeam "SG Solingen e. V"]
[BlackTeam "SG Solingen e. V"]

1. Nf3 g6 2. e4 d6 3. d4 Nf6 4. Nc3 Bg7 5. Be3 O-O 6. Qd2 e5 7. dxe5 dxe5 8.
O-O-O Qe7 9. Bg5 c6 10. h3 Nbd7 11. Nh2 Qb4 12. Qd6 Qxd6 13. Rxd6 h6 14. Be3
Re8 15. Be2 Bf8 16. Rd2 Nc5 17. Bf3 Ne6 18. Ng4 Nxg4 19. hxg4 Ng5 20. Be2 Kg7
21. a3 1/2-1/2

[Event "Solingen-ch 2022"]
[Site "Solingen"]
[Date "2022.10.28"]
[Round "5.4"]
[White "Mänken, Merlin"]
[Black "Görke, Joachim"]
[Result "1/2-1/2"]
[WhiteElo "1669"]
[BlackElo "2134"]
[PlyCount "59"]
[EventDate "2022.??.??"]
[WhiteTeam "Elberfelder SG"]
[BlackTeam "SG Solingen e. V"]

1. d4 d5 2. c4 e6 3. Nf3 Nf6 4. Nc3 c6 5. e3 Nbd7 6. Bd3 dxc4 7. Bxc4 Bd6 8.
O-O O-O 9. e4 e5 10. Bg5 h6 11. Bh4 Qe7 12. d5 g5 13. Bg3 Nc5 14. dxc6 bxc6 15.
Nd2 a5 16. Qe2 Ne6 17. Rfe1 Nd4 18. Qd1 Rd8 19. Ne2 Bb4 20. Nc3 h5 21. h4 g4
22. Qc1 Bd6 23. Nf1 Kh7 24. Ne3 Ne8 25. Ned5 cxd5 26. Nxd5 Qf8 27. Qg5 f6 28.
Qxh5+ Qh6 29. Qf7+ Qg7 30. Qh5+ 1/2-1/2

[Event "Solingen-ch 2022"]
[Site "Solingen"]
[Date "2022.10.26"]
[Round "5.5"]
[White "Meckel, Helmut"]
[Black "Speck, Stefan"]
[Result "1-0"]
[WhiteElo "1837"]
[BlackElo "1889"]
[PlyCount "95"]
[EventDate "2022.??.??"]
[WhiteTeam "SG Solingen e. V"]
[BlackTeam "SG Solingen e. V"]

1. b4 e5 2. Bb2 Bxb4 3. f4 exf4 4. Bxg7 Qh4+ 5. g3 fxg3 6. Bg2 gxh2+ 7. Kf1
hxg1=Q+ 8. Kxg1 Qg5 9. Bxh8 Qg6 10. Nc3 Bxc3 11. Bxc3 Nc6 12. e3 d6 13. Qh5 Bf5
14. d3 O-O-O 15. Qxf5+ Qxf5 16. Bh3 Nge7 17. Bxf5+ Nxf5 18. Kf2 d5 19. Rxh7 d4
20. exd4 Nfxd4 21. Bxd4 Nxd4 22. Rxf7 Re8 23. Rh1 b6 24. c3 Ne6 25. Rhh7 Kb7
26. Re7 Rxe7 27. Rxe7 Nd8 28. Ke3 Kc6 29. d4 Nb7 30. c4 Kd6 31. Rh7 Na5 32. Kd3
Nc6 33. a3 Na5 34. Kc3 Nc6 35. Kd3 Na5 36. Rh8 Nc6 37. Rh6+ Kd7 38. Ke4 Na5 39.
c5 Nc4 40. c6+ Ke7 41. Kd5 Ne3+ 42. Ke4 Nc4 43. Rh7+ Kd6 44. d5 Nxa3 45. Rd7+
Kc5 46. Rxc7 Nb5 47. Rd7 Nd6+ 48. Ke5 1-0

[Event "Solingen-ch 2022"]
[Site "Solingen"]
[Date "2022.10.28"]
[Round "5.6"]
[White "Matzner, Julian"]
[Black "Hirsch, Dominik"]
[Result "1-0"]
[WhiteElo "1544"]
[BlackElo "1639"]
[PlyCount "55"]
[EventDate "2022.??.??"]
[WhiteTeam "SK Köln-Worringen"]
[BlackTeam "Elberfelder SG"]

1. c4 e6 2. g3 d5 3. Bg2 Nf6 4. d4 Be7 5. Nf3 O-O 6. O-O Ne4
7. Nbd2 f5 8. Qb3 c6 9. Ne5 Kh8 10. f3 Nd6 11. e4 dxe4 12. c5 Nb5 13. Ndc4 Nxd4
14. Qd1 Bxc5 15. Be3 exf3 16. Bxf3 Nxf3+ 17. Qxf3 Bxe3+ 18. Qxe3 Nd7 19. Rad1
Qc7 20. Rd4 Nxe5 21. Nxe5 c5 22. Rh4 Kg8 23. Rd1 b6 24. Qf3 g5 25. Rh5 Bb7 26.
Rxg5+ Kh8 27. Qc3 Rf6 28. Rd7 1-0

[Event "Solingen-ch 2022"]
[Site "Solingen"]
[Date "2022.10.28"]
[Round "5.7"]
[White "Scheidtmann, Kian"]
[Black "Shivkumar, Siddharth"]
[Result "1-0"]
[WhiteElo "1534"]
[BlackElo "1451"]
[PlyCount "117"]
[EventDate "2022.??.??"]
[WhiteTeam "SG Solingen e. V"]
[BlackTeam "SG Solingen e. V"]

1. e4 e6 2. d4 d5 3. Nc3 dxe4 4. Nxe4 Bd7 5. Nf3 Bc6 6. Bd3 Nd7 7. Qe2 Ngf6 8.
Bg5 Be7 9. O-O-O Nxe4 10. Bxe7 Qxe7 11. Bxe4 O-O 12. h4 f5 13. Bxc6 bxc6 14.
Ng5 Rfe8 15. Rhe1 Nf8 16. Qc4 h6 17. Nf3 Reb8 18. Ne5 Rb6 19. g3 Qd6 20. Re3
Rab8 21. Rb3 Nd7 22. Re1 Nxe5 23. Rxe5 Kf7 24. Rxf5+ Ke7 25. Re5 Kd7 26. Rbe3
Rxb2 27. Rxe6 Rb1+ 28. Kd2 Qb4+ 29. Qxb4 R8xb4 30. Kc3 Ra4 31. Re7+ Kd6 32.
Rxg7 Rxa2 33. Rg6+ Kd7 34. Rxh6 a5 35. Rh8 Rbb2 36. Re2 a4 37. Ra8 Rb5 38. Re5
Rbb2 39. Re2 Rb5 40. g4 c5 41. d5 Rb4 42. Rg8 Ra3+ 43. Kd2 Rh3 44. h5 a3 45.
Ree8 a2 46. Ra8 a1=Q 47. Rxa1 Rd4+ {(=)} 48. Ke2 Re4+ 49. Kf1 Rh1+ 50. Kg2 Rxa1
51. h6 Re7 52. g5 Rh7 53. f4 Ke7 54. f5 Ra6 55. Kf3 Kf7 56. Rc8 Ra3+ 57. Ke4
Rxh6 58. Rxc7+ Kg8 59. gxh6 1-0

[Event "Solingen-ch 2022"]
[Site "Solingen"]
[Date "2022.10.28"]
[Round "5.8"]
[White "Vranidis, Athanassios"]
[Black "Bock, Jürgen"]
[Result "1-0"]
[WhiteElo "1904"]
[BlackElo "1554"]
[PlyCount "53"]
[EventDate "2022.??.??"]
[WhiteTeam "SG Solingen e. V"]
[BlackTeam "SC Düsseldorf Garath 197"]

1. d4 d5 2. c4 c6 3. Nf3 e6 4. e3 Nf6 5. Nc3 Bd6 6. Qc2 Nbd7 7. Bd3 O-O 8. O-O
dxc4 9. Bxc4 e5 10. dxe5 Nxe5 11. Nxe5 Bxe5 12. h3 b5 13. Bd3 Bb7 14. Ne4 Nxe4
15. Bxe4 g6 16. Bd2 Qe7 17. Bf3 Qf6 18. Rab1 a5 19. b3 b4 20. Rbc1 Rac8 21.
Rfd1 Rc7 22. Qc5 Bd6 23. Bc3 Bxc5 24. Bxf6 Bb6 25. Bd8 Rxd8 26. Rxd8+ Kg7 27.
Rd6 1-0

[Event "Solingen-ch 2022"]
[Site "Solingen"]
[Date "2022.10.28"]
[Round "5.10"]
[White "Gülcan, Batuhan Ege"]
[Black "Bauer, Matthias"]
[Result "1-0"]
[WhiteElo "1532"]
[BlackElo "1623"]
[PlyCount "57"]
[EventDate "2022.??.??"]
[WhiteTeam "SG Solingen e. V"]
[BlackTeam "SV Günnigfeld 1922 e."]

1. d4 d5 2. c4 c6 3. Nc3 f5 4. Nf3 e6 5. Bg5 Be7 6. Bxe7 Qxe7 7. e3 Nf6 8. cxd5
exd5 9. Bd3 Ne4 10. Ne5 Nd7 11. Qh5+ Kf8 12. Ng6+ hxg6 13. Qxh8+ Kf7 14. Bxe4
dxe4 15. a3 Nb6 16. g3 Be6 17. Qh3 Rd8 18. Ne2 Nd5 19. Nf4 c5 20. Nxe6 Kxe6 21.
dxc5 Qxc5 22. O-O Nf6 23. Rfc1 Qb6 24. Rab1 Rd2 25. Qh8 Rxb2 26. Qc8+ Nd7 27.
Rxb2 Qxb2 28. Rd1 Qb5 29. Qe8+ 1-0

[Event "Solingen-ch 2022"]
[Site "Solingen"]
[Date "2022.10.28"]
[Round "5.13"]
[White "Falk, Thomas"]
[Black "Schüller, Reinhard"]
[Result "1/2-1/2"]
[WhiteElo "1528"]
[BlackElo "1385"]
[PlyCount "50"]
[EventDate "2022.??.??"]
[WhiteTeam "Elberfelder SG"]
[BlackTeam "SG Solingen e. V"]

1. d4 Nf6 2. Bf4 c5 3. e3 g6 4. c3 Bg7 5. Be2 O-O 6. h3 d6 7. Nf3 b6 8. O-O Bb7
9. Nbd2 Nbd7 10. a4 e5 11. dxe5 dxe5 12. Nxe5 Nxe5 13. Bxe5 Qe7 14. Bh2 Rad8
15. Qc2 Rd7 16. Rad1 Rfd8 17. Nf3 Be4 18. Qc1 Bc6 19. Rxd7 Rxd7 20. Bb5 Bxb5
21. axb5 Nd5 22. Rd1 Nc7 23. Bxc7 Rxd1+ 24. Qxd1 Qxc7 25. Qd5 h6 1/2-1/2

[Event "Solingen-ch 2022"]
[Site "Solingen"]
[Date "2022.10.28"]
[Round "5.14"]
[White "Pernizki, Max"]
[Black "Helfer, Bernd"]
[Result "0-1"]
[WhiteElo "1301"]
[BlackElo "1880"]
[PlyCount "58"]
[EventDate "2022.??.??"]
[WhiteTeam "SG Solingen e. V"]
[BlackTeam "SC Erkrath 1973"]

1. d4 Nf6 2. Bf4 e6 3. e3 c5 4. c3 Be7 5. Bd3 b6 6. Nf3 Bb7 7. Nbd2 O-O 8. O-O
d5 9. Ne5 Ne4 10. Nxe4 dxe4 11. Bc4 Bd5 12. Bb3 f6 13. Nc4 b5 14. Nd2 Qb6 15.
Qg4 Kh8 16. c4 bxc4 17. Nxc4 Bxc4 18. Bxc4 f5 19. Qd1 Rd8 20. Qa4 cxd4 21. exd4
Nc6 22. Rfd1 Nxd4 23. Be3 e5 24. Rac1 Bc5 25. Bxd4 exd4 26. Be6 d3 27. Qc4
Bxf2+ 28. Kf1 Bg1 29. Rd2 Be3 0-1

[Event "Solingen-ch 2022"]
[Site "Solingen"]
[Date "2022.10.28"]
[Round "5.16"]
[White "Fodor, Bernhard"]
[Black "Seibert, Hanjo"]
[Result "0-1"]
[WhiteElo "1327"]
[BlackElo "1452"]
[PlyCount "66"]
[EventDate "2022.??.??"]
[WhiteTeam "SG Solingen e. V"]
[BlackTeam "SG Solingen e. V"]

1. e4 e5 2. Nf3 Nf6 3. Bc4 Nxe4 4. Nxe5 d5 5. Qh5 Be6 6. d3 Nf6 7. Bg5 dxc4 8.
Nc3 Nxh5 9. Bxd8 Kxd8 10. dxc4 Bd6 11. O-O-O Ke7 12. Rhe1 Nd7 13. Ng4 Rhe8 14.
g3 Kf8 15. Ne3 Bc5 16. Nb5 Bb6 17. b4 a6 18. Na3 Ne5 19. c5 Ba7 20. Nd5 Bxd5
21. Rxd5 f6 22. Red1 c6 23. Rd6 a5 24. f4 axb4 25. fxe5 bxa3 26. g4 Nf4 27.
exf6 Bxc5 28. fxg7+ Kxg7 29. Rd7+ Re7 30. Rd8 Rxd8 31. Rxd8 Re1+ 32. Kd2 Bb4+
33. c3 Re2+ 0-1

[Event "Solingen-ch 2022"]
[Site "Solingen"]
[Date "2022.11.11"]
[Round "6.1"]
[White "Zolfagharian, Kevin"]
[Black "Meckel, Helmut"]
[Result "1-0"]
[WhiteElo "2229"]
[BlackElo "1837"]
[PlyCount "49"]
[EventDate "2022.??.??"]
[WhiteTeam "SG Solingen e. V"]
[BlackTeam "SG Solingen e. V"]

1. e4 e6 2. d4 d5 3. Nc3 Nf6 4. Bg5 Bb4 5. e5 h6 6. Bd2 Bxc3 7. bxc3 Ne4 8. Bc1
c5 9. Ne2 cxd4 10. cxd4 Qc7 11. Qd3 b6 12. f3 Ba6 13. Qa3 Bxe2 14. Bxe2 Ng5 15.
Bb5+ Nd7 16. c4 f5 17. cxd5 exd5 18. Bxg5 hxg5 19. Rc1 Qd8 20. e6 Qe7 21. Qxe7+
Kxe7 22. exd7 Kd6 23. O-O a6 24. Bc6 Ra7 25. Rfe1 1-0

[Event "Solingen-ch 2022"]
[Site "Solingen"]
[Date "2022.10.31"]
[Round "6.2"]
[White "Boschek, Dr. Hajo"]
[Black "Kniest, Oliver"]
[Result "0-1"]
[WhiteElo "1920"]
[BlackElo "2273"]
[PlyCount "52"]
[EventDate "2022.??.??"]
[WhiteTeam "SG Solingen e. V"]
[BlackTeam "SG Solingen e. V"]

1. c4 e6 2. Nf3 Nf6 3. Nc3 d5 4. e3 c6 5. b3 Bd6 6. Bb2 O-O 7. d4 Nbd7 8. Bd3
b6 9. O-O Bb7 10. Qe2 Qe7 11. e4 dxe4 12. Nxe4 Nxe4 13. Qxe4 f5 14. Qe2 c5 15.
Rfe1 Rae8 16. Rad1 cxd4 17. Nxd4 Ne5 18. f4 Nxd3 19. Rxd3 Be4 20. Rg3 Bxf4 21.
Nxf5 exf5 22. Rxg7+ Qxg7 23. Bxg7 Kxg7 24. Rd1 Rd8 25. Qb2+ Kf7 26. Rf1 Rd2 0-1

[Event "Solingen-ch 2022"]
[Site "Solingen"]
[Date "2022.11.11"]
[Round "6.3"]
[White "Waagener, Ulrich"]
[Black "Mänken, Merlin"]
[Result "1/2-1/2"]
[WhiteElo "2115"]
[BlackElo "1669"]
[PlyCount "44"]
[EventDate "2022.??.??"]
[WhiteTeam "SG Solingen e. V"]
[BlackTeam "Elberfelder SG"]

1. e4 c5 2. Nf3 d6 3. d4 cxd4 4. Nxd4 Nf6 5. Nc3 a6 6. h4 e5 7. Nb3 Be6 8. f4
Qc8 9. f5 Bc4 10. Bg5 Nbd7 11. Qf3 b5 12. O-O-O b4 13. Nd5 Bxd5 14. exd5 a5 15.
Bb5 a4 16. Nd2 Be7 17. Bxf6 Bxf6 18. Ne4 Qc7 19. Kb1 h5 20. Rc1 Ke7 21. c4 Nc5
22. Bc6 Nxe4 1/2-1/2

[Event "Solingen-ch 2022"]
[Site "Solingen"]
[Date "2022.11.11"]
[Round "6.4"]
[White "Kushchan, Eduard"]
[Black "Matzner, Julian"]
[Result "1-0"]
[WhiteElo "2015"]
[BlackElo "1544"]
[PlyCount "91"]
[EventDate "2022.??.??"]
[WhiteTeam "SG Solingen e. V"]
[BlackTeam "SK Köln-Worringen"]

1. d4 d5 2. Nf3 Nf6 3. e3 c6 4. c4 e6 5. Nc3 Nbd7 6. cxd5 exd5 7. Bd3 Bd6 8.
Qc2 O-O 9. Bd2 Re8 10. O-O Nf8 11. e4 dxe4 12. Nxe4 Nxe4 13. Bxe4 Bg4 14. Ng5
Ng6 15. h3 Be6 16. Nxe6 Rxe6 17. Bf5 Re2 18. Qd3 Qe7 19. Bg4 Re4 20. Bf3 Re6
21. d5 cxd5 22. Qxd5 Rd8 23. Qxb7 Qxb7 24. Bxb7 Bh2+ 25. Kxh2 Rxd2 26. Rad1
Ree2 27. Bf3 Rxd1 28. Rxd1 Rxb2 29. a4 Kf8 30. Rc1 a5 31. Rc8+ Ke7 32. Rc7+ Kf6
33. Kg3 Ne5 34. Bd5 g5 35. Ra7 h5 36. Ra6+ Kf5 37. Rxa5 h4+ 38. Kh2 Rxf2 39.
Bxf7 Kf4 40. Bh5 Ra2 41. Ra8 Nd3 42. Rf8+ Ke3 43. Rf3+ Kd4 44. Rf5 Ne1 45. Rxg5
Kd3 46. a5 1-0

[Event "Solingen-ch 2022"]
[Site "Solingen"]
[Date "2022.11.11"]
[Round "6.5"]
[White "Görke, Joachim"]
[Black "Gülcan, Batuhan Ege"]
[Result "1-0"]
[WhiteElo "2134"]
[BlackElo "1532"]
[PlyCount "81"]
[EventDate "2022.??.??"]
[WhiteTeam "SG Solingen e. V"]
[BlackTeam "SG Solingen e. V"]

1. c4 e5 2. Nc3 Nc6 3. g3 Nf6 4. Bg2 d6 5. d3 Bd7 6. Nf3 Qc8 7. Nd5 Be7 8. O-O
h6 9. Re1 Bh3 10. Nxc7+ Qxc7 11. Bxh3 g5 12. Bg2 Ng4 13. h3 Nf6 14. Nh2 Nh5 15.
e3 Ng7 16. Qa4 f5 17. b4 h5 18. b5 Nd8 19. Bb2 Rh7 {(=)} 20. d4 g4 21. dxe5
dxe5 22. b6+ Qd7 23. Qxd7+ Kxd7 24. Bxe5 axb6 25. e4 Nc6 26. Rad1+ Kc8 27. Bxg7
Rxg7 28. exf5 Rxa2 29. Nf1 Bc5 30. Ne3 Nd4 31. Ra1 Rxa1 32. Rxa1 Ne2+ 33. Kh2
Rf7 34. Bd5 Rf6 {(=)} 35. Be6+ Kd8 36. Ra8+ Ke7 37. Nd5+ Kd6 38. Nxf6 Ke5 39.
Nd7+ Kd4 40. Nxc5 bxc5 41. hxg4 1-0

[Event "Solingen-ch 2022"]
[Site "Solingen"]
[Date "2022.11.11"]
[Round "6.7"]
[White "Scheidtmann, Kian"]
[Black "Vranidis, Athanassios"]
[Result "0-1"]
[WhiteElo "1534"]
[BlackElo "1904"]
[PlyCount "46"]
[EventDate "2022.??.??"]
[WhiteTeam "SG Solingen e. V"]
[BlackTeam "SG Solingen e. V"]

1. e4 c5 2. Nf3 d6 3. d4 cxd4 4. Nxd4 Nf6 5. Nc3 a6 6. f3 e6 7. Be3 b5 8. Qd2
Nbd7 9. Be2 Bb7 10. g4 h6 11. O-O-O b4 12. Na4 Qa5 13. b3 Nc5 14. a3 Nxa4 15.
axb4 Qc7 16. bxa4 d5 17. e5 Nd7 18. f4 Nb6 19. Rhf1 Nxa4 20. f5 Nc3 21. fxe6
Bxb4 22. exf7+ Qxf7 23. Rxf7 Ba3# 0-1

[Event "Solingen-ch 2022"]
[Site "Solingen"]
[Date "2022.11.11"]
[Round "6.8"]
[White "Speck, Stefan"]
[Black "Shivkumar, Siddharth"]
[Result "0-1"]
[WhiteElo "1889"]
[BlackElo "1451"]
[PlyCount "48"]
[EventDate "2022.??.??"]
[WhiteTeam "SG Solingen e. V"]
[BlackTeam "SG Solingen e. V"]

1. e4 c6 2. c4 d5 3. exd5 cxd5 4. cxd5 Nf6 5. Nc3 Nxd5 6. Nf3 Bf5 7. Bb5+ Nc6
8. Nd4 Bd7 9. Nxc6 Bxc6 10. Bxc6+ bxc6 11. d4 g6 12. O-O Bg7 13. Nxd5 Qxd5 14.
Be3 O-O 15. Qa4 Rfb8 16. b3 c5 17. Rad1 Rd8 18. Qa3 cxd4 19. Qxe7 Qa5 20. Bf4
Re8 21. Qb7 Qxa2 22. Rd2 Qa5 23. Rfd1 g5 24. Bg3 Qxd2 0-1

[Event "Solingen-ch 2022"]
[Site "Solingen"]
[Date "2022.11.11"]
[Round "6.10"]
[White "Bock, Jürgen"]
[Black "Helfer, Bernd"]
[Result "1-0"]
[WhiteElo "1554"]
[BlackElo "1880"]
[PlyCount "69"]
[EventDate "2022.??.??"]
[WhiteTeam "SC Düsseldorf Garath 197"]
[BlackTeam "SC Erkrath 1973"]

1. d4 Nf6 2. Nf3 e6 3. e3 d5 4. Bd3 b6 5. Nbd2 Bb7 6. O-O Nbd7 7. b3 Bd6 8. Bb2
O-O 9. Ne5 c5 10. f4 Ne4 11. Rf3 f5 12. Rh3 Ndf6 13. Ndf3 Ng4 14. Bxe4 Bxe5 15.
Bxf5 Rxf5 16. Nxe5 Nxe5 17. dxe5 Qe7 18. g4 Rf7 19. Qd3 g6 20. Rf1 Raf8 21. Bc3
Bc6 22. Be1 Qb7 23. Bh4 d4 24. Rg3 a6 25. exd4 Rxf4 26. Rxf4 Rxf4 27. dxc5 bxc5
28. Qd8+ Rf8 29. Qe7 Qb4 30. Qxe6+ Rf7 31. Rd3 Qf4 32. Rd8+ Kg7 33. Bf6+ Kh6
34. g5+ Kh5 35. Qh3+ 1-0

[Event "Solingen-ch 2022"]
[Site "Solingen"]
[Date "2022.11.11"]
[Round "6.11"]
[White "Fränzel, Dr. Marius"]
[Black "Falk, Thomas"]
[Result "1-0"]
[WhiteElo "1758"]
[BlackElo "1528"]
[PlyCount "33"]
[EventDate "2022.??.??"]
[WhiteTeam "SG Solingen e. V"]
[BlackTeam "Elberfelder SG"]

1. e4 e6 2. d4 d5 3. exd5 exd5 4. c4 Bb4+ 5. Nc3 Nf6 6. Bd3 O-O 7. Nf3 Re8+ 8.
Be3 Bg4 9. O-O dxc4 10. Bxc4 c6 11. Qb3 Rxe3 12. Bxf7+ Kf8 13. fxe3 Qe7 14. Ne5
Bxc3 15. bxc3 Be2 16. Rf2 Ba6 17. Bg6 1-0

[Event "Solingen-ch 2022"]
[Site "Solingen"]
[Date "2022.11.11"]
[Round "6.12"]
[White "Bauer, Matthias"]
[Black "Dhanasekaran Meenambigai, Diya"]
[Result "1-0"]
[WhiteElo "1623"]
[BlackElo "1316"]
[PlyCount "89"]
[EventDate "2022.??.??"]
[WhiteTeam "SV Günnigfeld 1922 e."]
[BlackTeam "SG Solingen e. V"]

1. d4 d5 2. Nf3 Nf6 3. e3 e6 4. Bd3 Bd6 5. Nbd2 O-O 6. e4 dxe4 7. Nxe4 Nxe4 8.
Bxe4 c6 9. c3 Nd7 10. O-O Nf6 11. Bc2 Re8 12. Bg5 h6 13. Bh4 Be7 14. Qd3 g6 15.
Ne5 Nh5 16. Nxf7 Kxf7 17. Qxg6+ Kf8 18. Bxe7+ Qxe7 19. Qxh5 Qg7 20. Qe5 Qxe5
21. dxe5 Ke7 22. Rad1 Bd7 23. Rd2 Rad8 24. Rfd1 c5 25. Rd3 b5 26. Rg3 Rg8 27.
Rxg8 Rxg8 28. g3 b4 29. cxb4 cxb4 30. b3 Rc8 31. Be4 a5 32. Rd2 Bb5 33. f4 Rc1+
34. Kf2 Rf1+ 35. Ke3 Re1+ 36. Kd4 Rc1 37. Rc2 Rxc2 38. Bxc2 Kd7 39. Kc5 Bc6 40.
Kb6 h5 41. Kxa5 Kc7 42. Kxb4 Kb6 43. Bg6 Bf3 44. Bf7 Bg4 45. a4 1-0

[Event "Solingen-ch 2022"]
[Site "Solingen"]
[Date "2022.11.11"]
[Round "6.14"]
[White "Schüller, Reinhard"]
[Black "Fetahovic, Sarah"]
[Result "0-1"]
[WhiteElo "1385"]
[BlackElo "1294"]
[PlyCount "80"]
[EventDate "2022.??.??"]
[WhiteTeam "SG Solingen e. V"]
[BlackTeam "SG Solingen e. V"]

1. e4 e5 2. d4 exd4 3. c3 dxc3 4. Bc4 Nf6 5. Nxc3 Bb4 6. Qb3 Bxc3+ 7. bxc3 O-O
8. Bg5 h6 9. Bh4 d6 10. Nf3 Qe7 11. O-O-O Qxe4 12. Bxf6 Qf4+ 13. Kb2 Qxf6 14.
Rhe1 Nc6 15. Re4 Bf5 16. Re3 Rfe8 17. Rde1 Rxe3 18. Rxe3 Na5 19. Qb4 Nxc4+ 20.
Qxc4 c6 21. Nd4 c5 22. Nxf5 Qxf5 23. Rf3 Qe6 24. Qb5 b6 25. Re3 Qf6 26. Rf3 Qd8
27. Qc4 {(=)} Qd7 28. Rd3 Re8 29. Rf3 b5 30. Qd3 d5 31. Re3 Rxe3 32. Qxe3 d4
33. Qd3 dxc3+ 34. Kxc3 Qxd3+ 35. Kxd3 Kf8 36. Ke4 Ke7 37. Kd5 c4 38. Kd4 Ke6
39. f4 Kf5 40. g3 Kg4 0-1

[Event "Solingen-ch 2022"]
[Site "Solingen"]
[Date "2022.11.04"]
[Round "6.15"]
[White "Seibert, Hanjo"]
[Black "Pernizki, Max"]
[Result "0-1"]
[WhiteElo "1452"]
[BlackElo "1301"]
[PlyCount "98"]
[EventDate "2022.??.??"]
[WhiteTeam "SG Solingen e. V"]
[BlackTeam "SG Solingen e. V"]

1. e4 c6 2. d4 d5 3. exd5 cxd5 4. Bd3 Nc6 5. c3 Nf6 6. Bf4 Bg4 7. Qb3 Qd7 8.
Nd2 e6 9. Ngf3 Bd6 10. Ne5 Qc7 11. O-O Nxe5 12. dxe5 Bxe5 13. Bxe5 Qxe5 14.
Qb5+ Nd7 15. Qxb7 Rb8 16. Qxa7 Rxb2 17. Qa8+ Rb8 18. Qc6 Qg5 19. Rfb1 O-O 20.
Qxd7 Qxd2 21. Rxb8 Rxb8 22. Qd6 Rc8 23. Ba6 Qxc3 24. Rf1 Qc6 25. Qxc6 Rxc6 26.
Bb5 Rc5 27. a4 Kf8 28. f3 Bf5 29. g4 Bg6 30. h4 f6 31. Rd1 Ke7 32. Bd3 Bxd3 33.
Rxd3 Kd6 34. Ra3 Ra5 35. Kf2 Ke5 36. Ke3 d4+ 37. Kd3 Kd5 38. f4 e5 39. f5 e4+
40. Kd2 Kc4 41. g5 Kb4 42. Ra1 Rxa4 43. Rxa4+ Kxa4 44. h5 h6 45. gxh6 gxh6 46.
Ke2 Kb3 47. Kd2 Kb2 48. Kd1 e3 49. Ke2 Kc2 0-1

[Event "Solingen-ch 2022"]
[Site "Solingen"]
[Date "2022.11.25"]
[Round "7.1"]
[White "Kushchan, Eduard"]
[Black "Zolfagharian, Kevin"]
[Result "0-1"]
[WhiteElo "2013"]
[BlackElo "2249"]
[PlyCount "88"]
[EventDate "2022.??.??"]
[WhiteTeam "SG Solingen e.V."]
[BlackTeam "SG Solingen e.V."]

1. d4 Nf6 2. Nf3 g6 3. c4 Bg7 4. Nc3 d5 5. e3 O-O 6. Qb3 dxc4 7. Bxc4 Nc6 8.
Qc2 Bf5 9. Qe2 a6 10. Bb3 Ne4 11. O-O e5 12. Rd1 exd4 13. exd4 Re8 14. Be3 {(=)
} Qd7 15. Nxe4 Bxe4 16. Ne5 Nxe5 17. dxe5 Qf5 18. f4 Bc6 19. Bc2 Qe6 20. Bb3
Qe7 21. Rac1 Rad8 22. Rxd8 Rxd8 23. Rd1 Rxd1+ 24. Qxd1 Qb4 25. e6 fxe6 26.
Bxe6+ Kf8 27. Bb3 Bf6 28. h3 Qe4 29. Bc5+ Kg7 30. Qd2 Qb1+ 31. Kh2 Qxb2 32.
Qxb2 Bxb2 33. g4 Be8 34. Bd5 b6 35. Be7 Bf6 36. Bb4 a5 37. Bd2 Bf7 38. g5 Bxd5
39. gxf6+ Kxf6 40. a3 Kf5 41. Kg3 Ke4 42. Bc1 c5 43. Kf2 Kd3 44. h4 b5 0-1

[Event "Solingen-ch 2022"]
[Site "Solingen"]
[Date "2022.11.25"]
[Round "7.2"]
[White "Kniest, Oliver"]
[Black "Görke, Joachim"]
[Result "1-0"]
[WhiteElo "2290"]
[BlackElo "2137"]
[PlyCount "75"]
[EventDate "2022.??.??"]
[WhiteTeam "SG Solingen e.V."]
[BlackTeam "SG Solingen e.V."]

1. d4 d5 2. c4 dxc4 3. Nf3 Nf6 4. e3 a6 5. Bxc4 e6 6. O-O b5 7. Be2 c5 8. a4 b4
9. dxc5 Qxd1 10. Rxd1 Bxc5 11. Nbd2 Nbd7 12. Nb3 Bb7 13. Bd2 Be7 14. Rdc1 O-O
15. Na5 Bd5 16. Nd4 Bc5 17. Ndc6 Bxc6 18. Nxc6 a5 19. Bb5 Bb6 20. Be1 g5 21.
Rd1 Kg7 22. Nxb4 Nc5 23. Nd3 Nce4 24. Rac1 Rac8 25. Ne5 Rfd8 26. Nc4 Nd5 27.
Nxb6 Nxb6 28. Bxa5 Rxd1+ 29. Rxd1 Nd5 30. f3 Nd6 31. e4 Nxb5 32. exd5 Ra8 33.
axb5 Rxa5 34. d6 Ra8 35. b6 Kf8 36. b7 Rd8 37. Rc1 Ke8 38. Rc8 1-0